000 01094nam a22002057a 4500
001 K121132
008 160218b2019 xxu||||| |||| 00| 0 eng d
041 _aeng
110 _aRoyal Institution of Chartered Surveyors
245 _aImplementing the UN sustainable development goals
_bThe global goals for sustainable development
260 _aLondon
_bRICS
_c2019
520 _aPublished as part of the RICS Value the Campaign launched on 15 October 2019. Sets out RICS vision on how RICS professionals and stakeholders can help implement the UN Sustainable Development Goals (SDGs) by 2030. Explains what the SDGs and how tackling climate change will help with their delivery. Lists RICS guidance/standards and research supporting climate change.
650 _aClimate change
650 _aValue the Planet
650 _aSustainable development
651 _aInternational
690 _96238
_aEnvironment
856 _uhttps://www.rics.org/content/dam/ricsglobal/documents/to-be-sorted/implementing-un-sustainable-development-goals-rics.pdf
_zAvailable on rics.org
942 _n0
999 _c121132
_d121132